000 00402nam a22001697a 4500
003 NUST - PNEC
005 20170116180836.0
008 150808b xxu||||| |||| 00| 0 eng d
020 _a9788131773734
040 _cLIBRARY
082 _a531 DAT
100 _94992
_aDatta, Somnath,
245 _aMechanics
_cSomnath, Datta
260 _cc2013.
650 _94993
_a Mechanics
_xME
942 _2ddc
_cBK
999 _c64223
_d64223